[Event "Offerspill Invitational 2020"]
[Site "Oslo"]
[Date "2020.06.11"]
[Round "2.1"]
[White "Tari, Aryan"]
[Black "Haug, Johannes"]
[Result "1/2-1/2"]
[WhiteElo "2634"]
[BlackElo "2431"]
[Annotator "TA"]
[PlyCount "89"]
[EventDate "2020.06.10"]
[EventType "swiss"]
[EventCountry "NOR"]
[SourceTitle "playchess.com"]
[Source "ChessBase"]
[SourceQuality "1"]

{[%evp 14,89,31,21,28,29,31,34,37,51,41,32,39,39,50,44,67,67,60,7,104,100,111,64,74,57,76,75,143,146,183,138,273,195,218,82,70,64,66,0,0,0,0,0,18,0,0,0,42,48,59,52,41,12,37,0,0,0,0,0,0,0,20,-8,-13,-42,12,0,58,67,72,72,57,0,19,13,125,-49]} 1. e4 e5 2. Nf3 Nc6 3. Bb5 a6 4. Ba4 d6 5. c3 Bd7 6. d4 g6 7. O-O Bg7 8. h3 Nf6 {C76: Ruy Lopez: Deferred Steinitz: 5 c3 Bd7 6 d4 g6.} 9. Re1 O-O 10. Bc2 h6 {White is slightly better.} 11. Nbd2 Re8 12. a3 Nh5 {[%cal Re5d4]} 13. Nf1 {[#]} Rb8 $146 ({Predecessor:} 13... Nf4 14. Ng3 Qf6 15. Bxf4 exf4 16. Ne2 Rad8 17. Nc1 g5 18. Nd3 h5 19. Nh2 Qh6 {½-½ (68) Hou,Y (2683)-Vignesh,N (2422) Doha 2015}) 14. Be3 b5 15. Qd2 g5 16. Ng3 (16. b4 $14) 16... Nf4 (16... Nxg3 $11 17. fxg3 Na5) 17. Rad1 $16 Bc8 18. b4 Qf6 {White should prevent ...Nxh3+!} 19. Nh2 h5 20. Kh1 Qh6 {[#]} (20... Qg6 $142) 21. h4 $1 {[%mdl 512]} Qg6 (21... gxh4 22. Ne2 $14) 22. Nf5 Bf6 (22... f6 $16 23. hxg5 fxg5) 23. Nf3 gxh4 {[%csl Gf4][%cal Rg6g2]} 24. Bxf4 (24. g3 $18 h3 25. Bxf4 exf4 26. Qxf4 Bxf5 27. Qxf5) 24... exf4 25. Qxf4 Bxf5 $1 26. Qxf5 (26. exf5 $14 Qg4 27. Qxg4+ hxg4 28. Nh2) 26... Qxf5 $11 27. exf5 Ne7 28. Be4 Rec8 29. Re3 Kg7 30. Kh2 Rb6 31. Kh3 c5 32. dxc5 $1 ({Much worse is} 32. Nxh4 cxd4 33. cxd4 d5 $11) 32... dxc5 33. Rd7 cxb4 34. cxb4 Rc1 35. Re1 Rc3 36. Re3 {[#] Hoping for Rxc3.} Rc1 $1 37. Kh2 Rf1 38. Re2 $132 {[%mdl 2048] White is fighting back} (38. Bd3 $5 {[%cal Rd3f1]} Rd1 39. Bxb5 Rxd7 40. Bxd7 $11) 38... Ra1 39. Re3 Rf1 (39... Ng8 $15) 40. Bd3 Rxf2 (40... Rd1 $11) 41. Rexe7 Bxe7 42. Rxe7 Ra2 43. Be4 ({White should play} 43. Rc7 $14) 43... Rd6 44. Ra7 {Ng5 is the strong threat.} ({But not} 44. Nxh4 Rxa3 45. Nf3 Re3 $15) 44... Kf6 (44... Rxa3 $11 {remains equal.} 45. Ne5 Kf6 46. Nd7+ Kg5) 45. Ra8 $2 {Accuracy: White = 70%, Black = 68%.} ({Stronger than} 45. Nxh4 Rxa3 46. Nf3 Re3 $15) (45. Kh3 $16) 1/2-1/2

[Event "Offerspill Invitational 2020"]
[Site "Oslo"]
[Date "2020.06.11"]
[Round "2.2"]
[White "Mihajlov, Sebastian"]
[Black "Urkedal, Frode Olav Olsen"]
[Result "1/2-1/2"]
[WhiteElo "2389"]
[BlackElo "2557"]
[Annotator "TA"]
[PlyCount "35"]
[EventDate "2020.06.10"]
[EventType "swiss"]
[EventCountry "NOR"]
[SourceTitle "playchess.com"]
[Source "ChessBase"]
[SourceQuality "1"]

{[%evp 9,35,11,22,20,16,20,31,14,31,9,46,47,39,33,49,34,44,29,32,28,33,29,30,30,37,31,52,39]} 1. e4 e5 2. Nf3 Nc6 3. Bb5 a6 4. Bxc6 dxc6 5. O-O Qf6 6. d4 {C68: Ruy Lopez: Exchange Variation, sidelines.} exd4 7. Bg5 Qd6 8. Nxd4 Be7 9. Be3 Qg6 10. Nc3 {[#]} Nh6 $146 ({Predecessor:} 10... Nf6 11. f3 Bd7 12. Qe2 O-O-O 13. Nb3 Bd6 14. Bc5 Bf4 15. Qf2 b6 16. Ne2 Nh5 {0-1 (40) Timman,J (2588)-Stefanova,A (2527) Antwerp 2009}) 11. f3 O-O 12. Qd2 Rd8 {With the idea ...c5.} 13. Qf2 f5 14. e5 c5 15. Nde2 Qc6 $1 16. Rad1 Nf7 17. Rxd8+ Bxd8 18. Bxc5 {Accuracy: White = 100%, Black = 91%.} 1/2-1/2

[Event "Offerspill Invitational 2020"]
[Site "Oslo"]
[Date "2020.06.11"]
[Round "2.3"]
[White "Notkevich, Benjamin Arvola"]
[Black "Tryggestad, Andreas Garberg"]
[Result "1-0"]
[WhiteElo "2476"]
[BlackElo "2363"]
[Annotator "TA"]
[PlyCount "93"]
[EventDate "2020.06.10"]
[EventType "swiss"]
[EventCountry "NOR"]
[SourceTitle "playchess.com"]
[Source "ChessBase"]
[SourceQuality "1"]

{[%evp 11,93,39,25,36,22,17,22,20,24,27,31,27,23,19,45,29,45,50,56,-2,0,-11,-22,-19,-18,-3,-10,-22,-11,-8,-19,-49,0,0,0,-8,0,0,0,0,0,0,0,1,35,23,71,81,122,111,121,119,112,125,136,135,198,117,154,148,130,108,160,121,124,130,121,121,130,132,153,159,157,152,145,151,152,160,151,156,142,132,675,666]} 1. d4 Nf6 2. c4 g6 3. Nc3 d5 4. Nf3 Bg7 5. Qb3 dxc4 6. Qxc4 Be6 7. Qb5+ {D96: Grünfeld: Russian System (5 Qb3): sidelines.} Bd7 8. Qxb7 Nc6 9. Qb3 {The position is equal.} Rb8 10. Qd1 Bf5 11. a3 O-O 12. e3 Qd6 {[#]} 13. Be2 $146 ({Predecessor:} 13. b4 e5 14. dxe5 Nxe5 15. Qxd6 Nxf3+ 16. gxf3 cxd6 17. Bd2 Nd7 18. Rc1 Rfc8 19. Ba6 {1-0 (52) Trzcinski,I (2339)-Szczepankiewicz,D (2421) ICCF email 2018}) 13... Rfd8 14. O-O e5 15. Qa4 ({White should play} 15. dxe5 $14 Qc5 16. Qa4 Nxe5 17. e4) 15... exd4 $11 16. Nb5 Qd7 {[#] Hoping for ...d3.} 17. Nbxd4 Nxd4 18. Qxd4 Ne4 19. Qxd7 $1 Bxd7 20. Bd3 Nc5 21. Bc4 Be6 22. Bxe6 Nxe6 23. Rb1 Rb3 24. Nd2 Rbd3 25. Nc4 Nc5 26. b4 Na4 {...Nc3 is the strong threat.} 27. g3 Rd1 {aiming for ...Nc3.} 28. Bb2 $36 {[%mdl 2048] White has the initiative.} Nxb2 29. Nxb2 R1d2 30. Nc4 R2d3 31. Rfc1 a6 32. Kf1 Bf8 33. Ke2 h5 (33... R3d5 $16 34. h4 h5) 34. Rd1 (34. Rb2 $18) 34... R3d5 35. Rxd5 Rxd5 $16 {[%mdl 4096] Endgame KRB-KRN} 36. Rb3 Kg7 (36... Rb5 $142) 37. f4 Rb5 38. Rd3 c5 39. bxc5 Rxc5 40. Ne5 Rc2+ 41. Kf3 Be7 42. Rd7 Kf8 43. a4 Rxh2 44. Ra7 h4 45. gxh4 ({Don't do} 45. Rxa6 $6 Rh3 $14) 45... Rh3+ {[#]} 46. Kf2 $1 Bc5 $2 {[%mdl 8192]} (46... Rh2+ $16 47. Kg3 Ra2 48. Rxa6 Kg7) 47. Nd7+ {[%mdl 64] Double Attack. Accuracy: White = 88%, Black = 71%.} 1-0

[Event "Offerspill Invitational 2020"]
[Site "Oslo"]
[Date "2020.06.11"]
[Round "2.4"]
[White "Storme, Isak"]
[Black "Johansson, Linus"]
[Result "0-1"]
[WhiteElo "2379"]
[BlackElo "2476"]
[Annotator "TA"]
[PlyCount "66"]
[EventDate "2020.06.10"]
[EventType "swiss"]
[EventCountry "NOR"]
[SourceTitle "playchess.com"]
[Source "ChessBase"]
[SourceQuality "1"]

{[%evp 19,66,21,9,17,35,14,33,27,31,0,0,0,0,0,0,0,6,0,0,6,5,6,8,12,9,0,0,0,0,-7,0,0,89,65,97,-294,-286,-254,-284,-249,-278,-264,-81,-76,-75,-29990,-29991,-29991,-29992]} 1. d4 Nf6 2. c4 e6 3. g3 c5 4. d5 exd5 5. cxd5 d6 6. Nc3 g6 7. Bg2 Bg7 8. Nf3 O-O 9. O-O Re8 10. Bf4 Na6 {10...Bf5 is becoming the main line.} 11. Re1 {A62: Modern Benoni: Fianchetto Variation without early ...Nbd7.} Bg4 12. h3 Bxf3 13. Bxf3 {White is slightly better.} Qd7 14. e4 {[#]} c4 $146 ({Predecessor:} 14... Rad8 15. Kh2 c4 16. b3 Nh5 17. Bd2 Nc5 18. bxc4 f5 19. Rb1 Qf7 20. exf5 Qxf5 {½-½ (35) Sandipan,C (2613)-Arun Prasad,S (2513) Kolkata 2012}) 15. e5 dxe5 16. Rxe5 Nb4 17. Be2 $1 Rxe5 18. Bxe5 Qxh3 19. Bxf6 Bxf6 20. Bxc4 {With the idea Ne4.} Qf5 21. a3 Na6 22. Qe2 Nc5 23. d6 Rd8 24. Re1 Bxc3 25. bxc3 {And now Qe7 would win.} Kg7 (25... Rxd6 $11 {keeps the balance.} 26. Qe8+ Kg7) 26. Bxf7 Rxd6 {[#]} 27. Qe8 $2 {[%mdl 8192]} (27. Bc4 $1 $16 {keeps the pressure on.} Rd7 28. Qe8) 27... Rf6 $19 ({Wrong is} 27... Qxf7 $2 {[#]} 28. Re7 $1 $18 {[%mdl 512]}) 28. Qg8+ {[#]} Kh6 $1 {[%mdl 512]} 29. Qf8+ {[#]} Kh5 $1 {[%mdl 512]} 30. f3 {g4+ is the strong threat.} Qxf3 $2 $40 {[%mdl 128] Black has strong attack.} (30... Rxf7 $19 {is more deadly.} 31. g4+ Kg5 32. Qd8+ Qf6 33. Re5+ Kh4) 31. Qxc5+ $17 Rf5 32. Re5 $2 {[%mdl 8192]} (32. Bxg6+ $17 hxg6 33. Qe3) 32... Qxg3+ {[%mdl 64] Double Attack} 33. Kh1 Rxe5 {Accuracy: White = 69%, Black = 76%.} 0-1

[Event "Offerspill Invitational 2020"]
[Site "Oslo"]
[Date "2020.06.11"]
[Round "2.5"]
[White "Holm, Kristian Stuvik"]
[Black "Sjoberg, Isak"]
[Result "1-0"]
[WhiteElo "2462"]
[BlackElo "2189"]
[Annotator "TA"]
[PlyCount "55"]
[EventDate "2020.06.10"]
[EventType "swiss"]
[EventCountry "NOR"]
[SourceTitle "playchess.com"]
[Source "ChessBase"]
[SourceQuality "1"]

{[%evp 9,55,0,53,21,23,4,21,18,84,82,91,86,81,69,117,116,120,130,163,80,96,76,150,140,131,121,131,125,118,125,158,160,155,156,160,156,231,222,211,72,316,328,317,324,340,331,319,307]} 1. d4 Nf6 2. Bg5 d5 3. Nd2 c5 4. dxc5 Nc6 {[#]} 5. e4 $146 ({Predecessor:} 5. c3 a5 6. Ngf3 e6 7. e4 Bxc5 8. Bd3 h6 9. Bh4 Be7 10. O-O O-O 11. e5 Nd7 12. Bxe7 Qxe7 {1-0 (36) Andreikin,D (2712)-Wang,H (2709) Huaian 2017}) 5... e5 (5... dxe4 $11 6. Ne2 Qa5) 6. exd5 {D00: 1 d4 d5: Unusual lines.} (6. Bxf6 $5 gxf6 7. Ne2 $11) 6... Qxd5 7. Nb3 Qe4+ 8. Qe2 {The position is equal.} Nd4 (8... a5 $11 {keeps the balance.}) 9. Nxd4 $16 Qxd4 10. Qb5+ Nd7 11. Be3 Qe4 12. O-O-O a6 13. Qa5 Be7 14. Be2 (14. Ne2 $18 {has better winning chances.}) 14... O-O 15. Qc7 (15. Bf3 {seems wilder.} Qc4 16. Kb1 Bxc5 17. Qc7 Qb5 18. Ne2) 15... Qc6 (15... Qa4 $142) 16. Qxc6 bxc6 17. Nf3 f6 18. b4 a5 19. a3 {[%cal Ba2a3,Ba3b4][%mdl 32]} axb4 20. axb4 e4 21. Nd4 Ne5 22. Bf4 Ba6 (22... Ng6 $16) 23. Bxa6 $18 Rxa6 24. Nb3 (24. Kd2 $18) 24... Nc4 $2 {[#] Black cannot hold the game after this.} (24... Ra4 $16 {was necessary.}) 25. Rd4 $1 {[%csl LRc4,LRe4] White has a decisive advantage.} Ne5 26. Rxe4 Rfa8 {White should prevent ...Ra1+.} 27. Bxe5 fxe5 28. Kb2 {Accuracy: White = 70%, Black = 51%.} ({Weaker is} 28. Rxe5 Bf6 $14) 1-0

[Event "Offerspill Invitational 2020"]
[Site "Oslo"]
[Date "2020.06.11"]
[Round "2.6"]
[White "Kvaloy, Aksel Bu"]
[Black "Haldorsen, Benjamin"]
[Result "0-1"]
[WhiteElo "2164"]
[BlackElo "2458"]
[Annotator "TA"]
[PlyCount "94"]
[EventDate "2020.06.10"]
[EventType "swiss"]
[EventCountry "NOR"]
[SourceTitle "playchess.com"]
[Source "ChessBase"]
[SourceQuality "1"]

{[%evp 16,94,23,25,36,39,56,34,17,9,14,11,12,14,12,6,21,17,19,15,14,17,27,14,38,17,38,40,181,150,183,182,183,164,200,205,210,195,193,202,285,319,325,317,404,313,314,301,445,426,408,339,339,346,339,281,240,202,137,89,73,48,63,0,0,0,0,-52,-52,-531,-491,-1409,-1260,-29979,-29980,-29980,-29981,-29981,-29981,-29978,-29978]} 1. e4 c6 2. Nc3 d5 3. Nf3 dxe4 4. Nxe4 Nf6 5. Nxf6+ exf6 6. Bc4 Bd6 7. Qe2+ Be7 8. O-O O-O 9. d4 Bd6 {B15: Caro-Kann: 3 Nc3: 3...g6 and 3...dxe4 4 Nxe4 Nf6 5 Nxf6+ exf6.} 10. Re1 Bd7 11. Bd2 {[#]} a5 $146 {White is slightly better.} ({Predecessor:} 11... Qc8 12. a4 a5 13. Nh4 b6 14. Bd3 f5 15. Qh5 g6 16. Qh6 Be6 17. d5 cxd5 {1-0 (37) Gligoric,S-Puc,S Zagreb 1946}) 12. a4 Na6 {[%cal Bb8a6,Ba6c7,Bc7d5,Bd5b4][%mdl 32]} 13. c3 Nc7 14. Nh4 g6 15. Qd3 {[#] Hoping for Nxg6!} Nd5 16. Bb3 Re8 17. Rxe8+ Bxe8 18. Re1 Bd7 19. c4 Nb4 20. Qe3 Qc7 21. c5 Bxh2+ (21... Bf8 $1 $14) 22. Kh1 $18 {aiming for Qe7!} Re8 {[#]} 23. Qh6 $1 Rxe1+ 24. Bxe1 {White wants to mate with Bxf7+!} Nd5 25. g3 $40 {[%mdl 128] White attacks with force.} Bxg3 26. fxg3 Be6 27. Ng2 b6 (27... Qd8 {was worth a try.} 28. Bd1 Nb4) 28. Nf4 Bf5 ({Reject} 28... Nxf4 29. Qxf4 Qxf4 30. gxf4) 29. Nxd5 cxd5 30. Qe3 Be4+ 31. Kh2 bxc5 (31... g5 $142 32. Bd1 h6) 32. dxc5 Qe5 33. Bd1 Qxb2+ 34. Qd2 Qe5 35. c6 ({Less strong is} 35. Qxa5 Qd4 $16) 35... d4 36. Qxa5 Bxc6 {( -> ...Qe4)} 37. Qxe5 fxe5 38. g4 f5 39. Bb3+ (39. a5 $14) 39... Kg7 $11 40. g5 h6 $1 {[%cal Rh6g5]} 41. Bh4 (41. Ba5 $1 $11) 41... d3 $1 $15 {[%mdl 1024] White must now prevent ...f4. Black has compensation.} 42. Kg1 $2 {[%mdl 8192]} (42. Kh3 $15) 42... e4 43. Kf2 (43. a5 $142 e3 44. a6) 43... f4 $19 44. a5 e3+ {Black mates.} 45. Ke1 d2+ 46. Ke2 Bb5+ 47. Kd1 f3 {Accuracy: White = 68%, Black = 77%.} 0-1

[Event "Offerspill Invitational 2020"]
[Site "Oslo"]
[Date "2020.06.11"]
[Round "2.7"]
[White "Vea, Odin Blikra"]
[Black "Nilsen, Joachim Birger"]
[Result "0-1"]
[WhiteElo "2204"]
[BlackElo "2411"]
[Annotator "TA"]
[PlyCount "50"]
[EventDate "2020.06.10"]
[EventType "swiss"]
[EventCountry "NOR"]
[SourceTitle "playchess.com"]
[Source "ChessBase"]
[SourceQuality "1"]

{[%evp 9,50,-31,-35,-95,-52,-52,-80,-116,-107,-122,-146,-139,-94,-102,-47,-76,-77,-275,-264,-272,-278,-262,-247,-278,-267,-291,-277,-318,-264,-316,-283,-294,-285,-443,-466,-871,-864,-1166,-1173,-1126,-1134,-1052,-796]} 1. e4 c6 2. d4 d5 3. e5 Bf5 4. h4 h5 5. Bg5 Qb6 6. Bd3 {B12: Caro-Kann: Advance Variation.} (6. b3 $15) 6... Qxd4 {Threatens to win with ...Bxd3.} 7. Nf3 $1 {[%cal Rf3d4]} Qg4 {[#]} 8. Rh3 $146 {[#] Strongly threatening Rg3.Black is better.} ({Predecessor:} 8. Bxf5 Qxf5 9. O-O Qd7 10. e6 Qxe6 11. Re1 Qd6 12. c4 f6 13. Qb3 Nd7 14. Be3 {1-0 (44) Morozevich,A (2656)-Bocharov,D (2557) Sochi 2018}) 8... Bxd3 9. Qxd3 e6 10. Nbd2 Qa4 (10... Qxg2 11. Rg3 $16) 11. Nd4 Na6 ({Better is} 11... Ne7 $17 12. N2f3 Nd7) 12. b3 Qa5 13. f4 $2 {[#] This move loses the game for White.} (13. c3 $17) 13... Nb4 $19 14. Qc3 c5 15. Ne2 d4 16. Qb2 f6 17. exf6 gxf6 ({Weaker is} 17... Nxf6 18. c3 $15) 18. c3 Nd5 ({Inferior is} 18... fxg5 19. cxb4 Qxb4 20. hxg5 $11) 19. cxd4 O-O-O 20. dxc5 Rh7 ({Less strong is} 20... Bxc5 21. a3 $17) 21. O-O-O (21. b4 $142 Nxb4 22. Nb3 Nd3+ 23. Kf1 Nxb2 24. Nxa5) 21... fxg5 {Black is clearly winning.} 22. hxg5 (22. Rd3 $142 Rhd7 23. c6) 22... Bg7 23. Qc2 Qa3+ 24. Kb1 Nb4 25. Nc4 Rxd1+ {Accuracy: White = 36%, Black = 80%.} 0-1

[Event "Offerspill Invitational 2020"]
[Site "Oslo"]
[Date "2020.06.11"]
[Round "2.8"]
[White "Kaasen, Tor Fredrik"]
[Black "Aarnes, Eirik"]
[Result "1-0"]
[WhiteElo "2401"]
[BlackElo "1902"]
[Annotator "TA"]
[PlyCount "57"]
[EventDate "2020.06.10"]
[EventType "swiss"]
[EventCountry "NOR"]
[SourceTitle "playchess.com"]
[Source "ChessBase"]
[SourceQuality "1"]

{[%evp 13,57,23,44,42,42,38,43,44,43,32,57,27,22,6,4,9,5,0,0,0,45,45,42,28,38,13,38,0,6,20,21,0,54,9,66,45,396,383,413,395,1842,1841,29985,29986,29996,29997]} 1. e4 c5 2. Nf3 d6 3. d4 cxd4 4. Nxd4 Nf6 5. Nc3 a6 6. h3 e5 7. Nde2 Be6 8. g4 {B90: Sicilian Najdorf: Unusual White 6th moves, 6 Be3 Ng4 and 6 Be3 e5.} Be7 9. Bg2 O-O 10. Be3 {White is slightly better.} b5 {[%cal Bb7b5,Bb5b4][%mdl 32]} 11. Qd2 Nbd7 {[#]} 12. g5 $146 ({Predecessor:} 12. O-O-O b4 13. Nd5 Bxd5 14. exd5 a5 15. Ng3 Nb6 16. Qd3 Ne8 17. h4 g6 18. h5 {1-0 (27) Oliveros,C (2021)-Ruiz Agudelo,S (1873) Medellin 2016}) 12... b4 13. Nd5 Nxd5 14. exd5 Bf5 15. h4 Rc8 16. Rc1 Nb6 17. b3 $1 a5 18. Ng3 $36 {[%mdl 2048] White fights for an advantage.} Bd7 19. Ne4 Bb5 20. Bh3 Rb8 $1 21. h5 Bd7 22. Bg2 Bb5 (22... f5 $11 23. gxf6 gxf6) 23. Rg1 (23. g6 $5) 23... Rb7 (23... Kh8 $11) 24. Bh3 (24. a3 $5) 24... Bd7 $2 {[%mdl 8192] [#] Black cannot hold the game after this.} ({Black should try} 24... Kh8 $1 $14) 25. Bxb6 $1 $18 {[%mdl 64] Overworked Piece} Rxb6 26. Bxd7 Qxd7 $2 {[#]} (26... Rb7 27. Bc6 Rc7) 27. Nf6+ $1 {[%mdl 576] Promotion} Bxf6 (27... gxf6 28. gxf6+) 28. gxf6 Qf5 {[#]} 29. Qh6 $1 {Accuracy: White = 81%, Black = 48%.} 1-0

[Event "Offerspill Invitational 2020"]
[Site "Oslo"]
[Date "2020.06.11"]
[Round "2.9"]
[White "Tunsjo, Axel"]
[Black "Djurhuus, Rune"]
[Result "0-1"]
[WhiteElo "2149"]
[BlackElo "2437"]
[Annotator "TA"]
[PlyCount "101"]
[EventDate "2020.06.10"]
[EventType "swiss"]
[EventCountry "NOR"]
[SourceTitle "playchess.com"]
[Source "ChessBase"]
[SourceQuality "1"]

{[%evp 12,101,-6,-12,-12,-12,-12,-18,-17,-16,0,0,0,-43,-47,-48,-48,-43,-39,-81,-90,-102,-89,-191,-200,-222,-199,-226,-144,-153,-146,-151,-151,-151,-145,-207,-113,-138,-119,-110,-121,-113,-90,-90,-89,-90,-84,-82,-82,-82,-76,-75,-79,-75,-64,-135,-128,-150,-124,-115,-40,-232,-255,-249,-171,-234,-232,-233,-181,-387,-397,-406,-396,-696,-670,-725,-707,-1305,-420,-420,-420,-1971,-991,-992,-803,-5065,-4610,-5081,-5073,-29989,-29990,-29990]} 1. e4 c5 2. Nf3 g6 3. d4 Bg7 4. dxc5 Qa5+ 5. Bd2 Qxc5 6. Bc3 Nf6 7. Bd3 O-O {B27: Sicilian: 2 Nf3, unusual Black 2nd moves.} 8. O-O Nc6 9. Nbd2 d6 {The position is equal.} 10. h3 b5 11. Nb3 Qb6 12. Nbd4 {[#]} b4 $146 ({Predecessor:} 12... Nxd4 13. Bxd4 Qc6 14. e5 dxe5 15. Bxe5 Bb7 16. Qe2 a6 17. Rfe1 Rac8 18. c3 Rfe8 {0-1 (41) Bombek,P (2209)-Brodowski,P (2426) Frydek Mistek 2008}) 13. Nxc6 Qxc6 {[%mdl 64] Double Attack} 14. Bxb4 Nxe4 15. Qe2 Bb7 16. Rfe1 {[%cal Rd3e4] [#]} Ng5 $1 {[%mdl 512]} 17. Nh4 {[#]} (17. Bd2 $17 {might work better.} Nxf3+ 18. Qxf3) (17. Nxg5 Qxg2#) 17... Nxh3+ $1 {[%mdl 512]} 18. Kh2 (18. gxh3 Qh1#) 18... Nf4 (18... Bxb2 19. Kxh3 Bxa1 20. Rxa1 $15) 19. Qxe7 Be5 20. Rxe5 {Strongly threatening Bb5.} dxe5 21. Qxe5 Nxd3 ({Inferior is} 21... Nxg2 22. Bxf8 (22. Bc3 $2 f6 $19) 22... Rxf8 23. Bb5 $14) 22. cxd3 Rfe8 23. Qg3 (23. Qf4 $17) 23... Qd5 (23... Qb5 $19 24. Bc3 Rad8) 24. Rc1 $17 Qe5 ({Much worse is} 24... Qxa2 $6 25. Nf5 $11) 25. Rc7 {And now Qxe5 would win.} Qxg3+ 26. Kxg3 Ba6 27. d4 Rec8 28. Re7 Rab8 29. a3 Rb7 30. Re5 Bc4 31. Nf3 f6 32. Ra5 Rd8 33. Bc5 (33. Bc3 $15) 33... a6 34. Nd2 Bd3 35. b4 Rbd7 (35... Rb5 $17 {aiming for ...Rxa5.} 36. Ra4 Ra8) 36. Kf3 $2 {White does not recover from this.} ({Better is} 36. f3 $15) 36... Re8 $19 37. a4 Re2 38. Nf1 (38. Nb1 $142) 38... Ra2 39. Ne3 f5 {Threatens to win with ...g5.} 40. g4 $2 (40. Kg3) 40... h5 41. gxf5 gxf5 42. Bb6 $2 (42. d5 h4 43. Nxf5 Bxf5 44. Rxa6) 42... h4 43. Nxf5 Rf7 44. Kg4 Rxf5 (44... Bxf5+ $142 45. Rxf5 Rxf5 46. Kxf5 h3) 45. Rxf5 Bxf5+ 46. Kxf5 {KR-KB} (46. Kxh4 $142 Rxa4 47. Kg5) 46... h3 47. Bc7 Rxa4 48. d5 Rxb4 49. d6 Kf7 {( -> ...h2)} 50. Ke5 h2 51. d7 {Accuracy: White = 46%, Black = 70%.} 0-1

[Event "Offerspill Invitational 2020"]
[Site "Oslo"]
[Date "2020.06.11"]
[Round "2.10"]
[White "Pantzar, Milton"]
[Black "Fossan, Aleksander"]
[Result "1/2-1/2"]
[WhiteElo "2417"]
[BlackElo "2240"]
[Annotator "TA"]
[PlyCount "45"]
[EventDate "2020.06.10"]
[EventType "swiss"]
[EventCountry "NOR"]
[SourceTitle "playchess.com"]
[Source "ChessBase"]
[SourceQuality "1"]

{[%evp 24,45,12,4,12,3,21,-49,-35,-54,0,0,0,0,0,0,0,0,0,0,0,0,0,0]} 1. d4 Nf6 2. c4 g6 3. Nf3 Bg7 4. g3 O-O 5. Bg2 d5 6. cxd5 Nxd5 7. O-O Nb6 8. Nc3 Nc6 {[%cal Bb8c6,Bc6a5,Ba5c4][%mdl 32]} 9. d5 Na5 10. e4 c6 11. Bf4 cxd5 12. exd5 {has lost popularity (12.Nxd5).} Nac4 13. Qe2 Bf5 {D76: Fianchetto Grünfeld: Main Line with 7...Nb6.} 14. Rac1 Rc8 {[#]} 15. Rfd1 $146 ({White should try} 15. b3 $11 Nd6 16. Ne5) ({Predecessor:} 15. Nh4 Bd7 16. b3 Nd6 17. Be5 Bh6 18. Rcd1 Re8 19. Rfe1 Nf5 20. Nxf5 Bxf5 21. g4 {1-0 (38) Khismatullin,D (2673)-Duzhakov,I (2420) Moscow 2015}) 15... Nxb2 $1 $15 {Black is slightly better.} 16. Qxb2 {Threatens to win with Qb3.} Rxc3 (16... Na4 $1 $15 17. Qxb7 Nxc3) 17. Rxc3 $11 {aiming for Qb3.The position is equal.} Na4 $1 {[%cal Ra4b2][%mdl 64] [#] Double Attack, Pin} 18. Qxb7 Nxc3 19. Rd2 Ne4 20. Re2 Nc3 21. Rd2 Ne4 22. Re2 Nc3 23. Rd2 1/2-1/2